| 000 | 00555nam a22001697a 4500 | ||
|---|---|---|---|
| 005 | 20251028195357.0 | ||
| 008 | 251028b |||||||| |||| 00| 0 eng d | ||
| 020 | _a9780702032288 | ||
| 050 |
_aRT69 _b.W48 |
||
| 100 | _aWaugh, Anne | ||
| 245 |
_aRoss and Wilson Anatomy and Physiology in Health and Illness _cAnne Waugh & Allison Grant |
||
| 250 |
_a11th edition _bInternational edition |
||
| 260 |
_aEdinburgh _bChurchill Livingstone Elsevier _c2010 |
||
| 300 |
_axii. 495p. _bill. color _c28cm |
||
| 700 | _aGrant, Allison | ||
| 942 |
_2lcc _cBK _e11th ed. _n0 |
||
| 999 |
_c7881 _d7881 |
||